| 000 | 01912nam0a2200373 4500 | ||
|---|---|---|---|
| 001 | RU\NLR\bibl\36147 | ||
| 005 | 20250615024244.0 | ||
| 010 |
_a5-7567-0231-8 _95000 |
||
| 021 |
_aRU _b99-17710 _9859 |
||
| 035 | _a(NLR Aleph) 000035240 | ||
| 090 |
_a180112 _c180112 |
||
| 100 | _a19990701d1999 |||y0rusy50 ca | ||
| 101 | 1 |
_arus _ceng |
|
| 102 | _aRU | ||
| 105 | _ay ||||||||| | ||
| 200 | 1 |
_aРеволюция и преобразование обществ _eСравнит. изучение цивилизаций _fШ. Эйзенштадт _gПер. с англ. д. ист. н. А.В. Гордона _gНауч. ред. пер. д. филос. н., проф. Б.С. Ерасов _g[Ин-т "Открытое о-во"] |
|
| 210 |
_aМ. _cАспект Пресс _d1999 |
||
| 215 |
_a416 с. _d21 |
||
| 300 | _aЗагл. и авт. ориг.: Revolution and transformation of societies: A comparative study of civilizations / S.N. Eisenstadt | ||
| 320 | _aБиблиогр. работ Ш. Эйзенштадта: с. 408-409 | ||
| 320 | _aУказ. имен исследователей: с. 406-407 | ||
| 454 | 0 |
_12001#$aRevolution and transformation of societies$eA comparative study of civilizations$fS.N. Eisenstadt _tRevolution and transformation of societies |
|
| 606 | 0 |
_aРеволюции _91207079 _3RU\NLR\auth\66489557 |
|
| 606 | 0 |
_aЦивилизация _xСоциологические исследования _92078953 _3RU\NLR\auth\661254820 |
|
| 606 | 0 |
_aЦивилизации _xСоциологические исследования _92081286 _3RU\NLR\auth\661257264 |
|
| 686 | _aТ3(0)0-4 | ||
| 686 | _aС550.2 | ||
| 700 | 1 |
_aЭйзенштадт _bШ. Н. _f1923- _gШмуэль Ноах _4070 |
|
| 801 | 0 |
_aRU _bNLR _c19990701 _gPSBO |
|
| 801 | 1 |
_aRU _bNLR _c19990701 |
|
| 852 |
_aNLR _j99-5/1665 |
||
| 942 | _cBOOK | ||
| 980 | _aNB | ||